UM Logo

A handbook to literature/ (Record no. 5799)

MARC details
000 -LEADER
fixed length control field 01071cam a2200277 a 4500
001 - CONTROL NUMBER
control field 4521887
005 - DATE AND TIME OF LATEST TRANSACTION
control field 20161119145942.0
008 - FIXED-LENGTH DATA ELEMENTS--GENERAL INFORMATION
fixed length control field 990416s2000 nyua d 001 0 eng
010 ## - LIBRARY OF CONGRESS CONTROL NUMBER
LC control number 99027123
020 ## - INTERNATIONAL STANDARD BOOK NUMBER
International Standard Book Number 0130127310
040 ## - CATALOGING SOURCE
Original cataloging agency DLC
Transcribing agency DLC
Modifying agency DLC
050 00 - LIBRARY OF CONGRESS CALL NUMBER
Classification number PN41
Item number .H355 2000
082 00 - DEWEY DECIMAL CLASSIFICATION NUMBER
Classification number DRef 803
Edition number 2000
Item number H19
100 1# - MAIN ENTRY--PERSONAL NAME
Personal name Harmon, William,
Dates associated with a name 1938-
245 12 - TITLE STATEMENT
Title A handbook to literature/
Statement of responsibility, etc. William Harmon and C. Hugh Holman.
250 ## - EDITION STATEMENT
Edition statement 8th edition
260 ## - PUBLICATION, DISTRIBUTION, ETC. (IMPRINT)
Place of publication, distribution, etc. Upper Saddle River, N.J.:
Name of publisher, distributor, etc. Prentice Hall,
Date of publication, distribution, etc. c2000.
300 ## - PHYSICAL DESCRIPTION
Extent ix, 671 pages;
Dimensions 23 cm.
500 ## - GENERAL NOTE
General note "Based on the original edition by William Flint Thrall and Addison Hibbard."
500 ## - GENERAL NOTE
General note Includes index.
650 #0 - SUBJECT ADDED ENTRY--TOPICAL TERM
Topical term or geographic name as entry element Literature
Form subdivision Dictionaries.
700 ## - ADDED ENTRY--PERSONAL NAME
Personal name Holman, C. Hugh
Fuller form of name (Clarence Hugh),
Dates associated with a name 1914-1981.
9 (RLIN) 17675
Relator term Author
906 ## - LOCAL DATA ELEMENT F, LDF (RLIN)
a 7
b cbc
c orignew
d 1
e ocip
f 19
g y-gencatlg
942 ## - ADDED ENTRY ELEMENTS (KOHA)
Source of classification or shelving scheme Dewey Decimal Classification
Koha item type Reference
Holdings
Withdrawn status Lost status Source of classification or shelving scheme Damaged status Not for loan Collection code Home library Current library Date acquired Total Checkouts Full call number Barcode Date last seen Copy number Price effective from Koha item type
    Dewey Decimal Classification     Reference UM Digos College - LIC UM Digos College - LIC 08/15/2003   DRef 803 H19 2000 15532 05/15/2025 1 11/19/2016 Reference
    Dewey Decimal Classification     Reference UM Digos College - LIC UM Digos College - LIC 08/15/2003   DRef 803 H19 2000 15533 05/15/2025 2 12/12/2016 Reference
    Dewey Decimal Classification     Reference UM Digos College - LIC UM Digos College - LIC 08/15/2003   DRef 803 H19 2000 15534 05/15/2025 3 12/12/2016 Reference
    Dewey Decimal Classification     Reference UM Digos College - LIC UM Digos College - LIC 08/15/2003   DRef 803 H19 2000 15535 05/15/2025 4 12/12/2016 Reference
    Dewey Decimal Classification     Reference UM Digos College - LIC UM Digos College - LIC 08/15/2003   DRef 803 H19 2000 15536 05/15/2025 5 12/12/2016 Reference
    Dewey Decimal Classification     Reference UM Digos College - LIC UM Digos College - LIC 08/15/2003   DRef 803 H19 2000 15537 05/15/2025 6 12/12/2016 Reference